000
00282nam a2200121Ia 4500
008
220204s9999 xx 000 0 und d
082
_a
547
_b
KEL
100
_a
Kelley, Louise
245
0
_a
Organic chemistry
250
_a
Ed.2
260
_a
New York
_b
McGraw Hill
_c
1957
942
_c
BK
999
_c
19746
_d
19746